000 01299nam a2200325 a 4500
001 ebr10722786
003 CaPaEBR
006 m o u
007 cr cn|||||||||
008 130213s2013 enk sb 001 0 eng d
010 _z 2013933198
020 _z9783034308991 (alk. paper)
020 _z9783035304688 (e-book)
040 _aCaPaEBR
_cCaPaEBR
035 _a(OCoLC)851161029
050 1 4 _aPR830.U7
_bB53 2013eb
100 1 _aBlaim, Artur.
245 1 0 _aGazing in useless wonder
_h[electronic resource] :
_benglish utopian fictions, 1516-1800 /
_cArtur Blaim.
260 _aOxford ;
_aNew York :
_bPeter Lang,
_c2013.
300 _aviii, 356 p.
490 1 _aRalahine utopian studies,
_x1661-5875 ;
_v13
504 _aIncludes bibliographical references and index.
533 _aElectronic reproduction.
_bPalo Alto, Calif. :
_cebrary,
_d2013.
_nAvailable via World Wide Web.
_nAccess may be limited to ebrary affiliated libraries.
650 0 _aEnglish fiction
_xHistory and criticism.
650 0 _aUtopias in literature.
655 7 _aElectronic books.
_2local
710 2 _aebrary, Inc.
830 0 _aRalahine utopian studies ;
_vv. 13.
856 4 0 _uhttp://site.ebrary.com/lib/rucke/Doc?id=10722786
_zAn electronic book accessible through the World Wide Web; click to view
999 _c39437
_d39437